Estatísticas para 30 CS:GO Pro Players 2023 pt. 1

Clique aqui para jogar o quiz

Estatísticas Gerais

  • Esse quiz foi jogado 69 vezes
  • A pontuação média é 26 de 30

Estatísticas das Respostas

Resposta% Correto
chelo
96%
FalleN
96%
boltz
95%
fer
93%
TACO
93%
VINI
93%
coldzera
91%
HEN1
91%
KSCERATO
91%
s1mple
91%
m0NESY
89%
yuurih
89%
arT
88%
NiKo
88%
saffee
86%
drop
84%
EliGE
84%
Jame
84%
karrigan
84%
Twistzz
84%
NAF
82%
zywOo
82%
device
81%
cadiaN
77%
ropz
77%
sh1ro
77%
Aleksib
75%
HObbit
75%
YEKINDAR
74%
oSee
68%

Distribuição das Pontuações

Percentil de Números Respondidos

Porcentagem de Pessoas com Cada Pontuação

Sua Pontuação Histórica

Você não jogou esse quiz